000
00290nam a2200133Ia 4500
100
_a
Campbell/Mary
942
_c
BK
654
_a
Computer
245
_a
Best 1001 Wordperfect Tips ever
260
_b
Osborne
_a
New York
_c
1994
082
_a
005.13'DOS'
546
_a
ENGLISH
999
_c
24881
_d
24881